| 000 | 01093cam a2200253 4500 | ||
|---|---|---|---|
| 001 | WB4009-06 | ||
| 008 | 040303n2004 000 0 eng u | ||
| 035 | _a(Sirsi) u125314 | ||
| 245 | _aEco-efficiency indicators from UNCTAD | ||
| 260 | _c2004 | ||
| 490 |
_aENDS Report _v(349) February 2004, 8(1) |
||
| 520 | _aNew guidance on eco-efficiency indicators was published by the UN Conference on Trade and Development (UNCTAD). The guidelines aim to link the environmental performance of companies to their financial performance. The guidelines describe a method for providing consistent information on environmental performance over time. View "Manual for the preparers and users of eco-efficiency indicators" at http://www.unctad.org/en/docs//iteipc20037_en.pdf. | ||
| 590 | _aWB | ||
| 590 | _aWB | ||
| 650 | _aENVIRONMENTAL PERFORMANCE | ||
| 650 | _aENVIRONMENTAL ASSESSMENT | ||
| 650 | _aECO-EFFICIENCY | ||
| 650 | _aPERFORMANCE INDICATORS | ||
| 650 | _aFINANCIAL PERFORMANCE | ||
| 650 | _aCOMPANIES | ||
| 650 | _aGUIDELINES | ||
| 690 |
_aENVIRONMENT _96238 |
||
| 942 | _n0 | ||
| 999 |
_c117076 _d117076 |
||